Datum a čas kvízu

36 Celkem bodů Celkový počet nahraných bodů na tomto kvízu bez doplňovacích otázek.
2. Pořadí na kvízu Konečné umístění týmu na tomto kvízu.

Zaznamenané odpovědi

# Otázka Odpověď Body Výsledky
1. Část ulice u ruského velvyslan... Ukrajinských hrdinů 1
2. Minulý týden proběhla médii zp... v Benátkách 1
3. Ve čtvrtek měl premiéru český... Kryštof Hádek, Vladimír Pokorný 0.5
4. Jeden český státní podnik, kte... České dráhy 1
5. Jedna z nejlepších tenistek so... Ashleigh Bartyová 1
6. Budeme se zabývat pěti filmy,... Elijah Wood, Pán prstenů: Dvě věže 1
7. Film Mr. & Mrs. Smith, něk... B) John a Jane 1
8. Romantické drama Paní Bovaryov... Gustave Flaubert 0
9. Děj bláznivé sci-fi komedie Za... Oldřich Lipský, Petr Čepek 0
10. V roce 2009 vznikl animovaný f... Lišák 0